书目信息 |
| 题名: |
图书馆业务自学大全
|
|
| 作者: | 周文骏 , 沈迪飞 编著 | |
| 分册: | 10-11 目录学导论、计算机化情报检索基础 | |
| 出版信息: | 长春 吉林省图书馆学会 1986 |
|
| 页数: | 124页 | |
| 开本: | 19cm | |
| 丛书名: | 吉林省图书馆学会丛书 | |
| 单 册: | ||
| 中图分类: | G251.5 | |
| 科图分类: | ||
| 主题词: | 图书馆事业 , 图书馆学 | |
| 电子资源: | ||
| ISBN: | ||
| 000 | 00840nam0 2200241 450 | |
| 001 | 0630818422 | |
| 005 | 20060815084456.23 | |
| 100 | @a20060720d1986 km y0chiy0120 ea | |
| 101 | 0 | @achi |
| 102 | @aCN@b220000 | |
| 200 | 1 | @a图书馆业务自学大全@h10-11@i目录学导论、计算机化情报检索基础@Atu shu guan ye wu zi xue da quan@f周文骏,沈迪飞编著@Fzhou wen jun,shen di fei bian zhu |
| 210 | @a长春@c吉林省图书馆学会@d1986 | |
| 215 | @a124页@d19cm | |
| 225 | 2 | @a吉林省图书馆学会丛书@h十三 |
| 410 | 0 | @12001 @a吉林省图书馆学会丛书 |
| 517 | 1 | @a目录学导论、计算机化情报检索基础@Amu lu xue dao lun、ji suan ji hua qing bao jian suo ji chu |
| 606 | 0 | @a图书馆事业 |
| 606 | 0 | @a图书馆学 |
| 690 | @aG251.5 | |
| 701 | 0 | @a周文骏@Azhou wen jun@4编著 |
| 701 | 0 | @a沈迪飞@Ashen di fei@4编著 |
| 801 | 0 | @aCN@bPFT@c20060815 |
| 905 | @dG251.5@e11:10、11 | |
| 图书馆业务自学大全.10-11.目录学导论、计算机化情报检索基础/周文骏,沈迪飞编著.-长春:吉林省图书馆学会,1986 |
| 124页;19cm.-(吉林省图书馆学会丛书.十三) |
| ISBN : |
| ● |
| 相关链接 |
|
|
|
|
正题名:图书馆业务自学大全
索取号:G251.5/11:10、11
 
预约/预借
| 序号 | 登录号 | 条形码 | 馆藏地/架位号 | 状态 | 备注 |
| 1 | 0441960 | 204419600 | 密集书库/ [索取号:G251.5/11:10、11] | 在馆 | |
| 2 | 0441961 | 204419619 | 密集书库/ [索取号:G251.5/11:10、11] | 在馆 | |
| 3 | 0441962 | 204419628 | 密集书库/ [索取号:G251.5/11:10、11] | 在馆 | |
| 4 | 0441963 | 204419637 | 密集书库/ [索取号:G251.5/11:10、11] | 在馆 | |
| 5 | 0460069 | 204600690 | 密集书库/ [索取号:G251.5/11:10、11] | 在馆 |